Statistiques concernant Effectif FC Barcelone saison 2021-2022

Cliquez ici pour prendre le quiz!

Statistiques générales

  • Ce quiz a été pris 1 092 fois
  • Le résultat moyen est 24 sur 36

Statistiques - réponses

HintRéponse% Correct
1Marc-André ter Stegen
99%
16Pedri
96%
30Gavi
95%
3Gerard Piqué
93%
7Ousmane Dembélé
92%
21Frenkie de Jong
90%
18Jordi Alba
90%
17Luuk de Jong
90%
5Sergio Busquets
90%
4Ronald Araújo
89%
10Ansu Fati
85%
9Memphis Depay
82%
25Pierre-Emerick Aubameyang
81%
19Ferran Torres
78%
2Sergiño Dest
77%
11Adama Traoré
72%
8Dani Alves
71%
23Samuel Umtiti
71%
15Clément Lenglet
70%
20Sergi Roberto
68%
24Eric García
63%
13Neto
63%
6Riqui Puig
61%
31Álex Balde
54%
12Martin Braithwaite
52%
LoanAntoine Griezmann
51%
22Óscar Mingueza
50%
LoanIñaki Peña
49%
LoanPhilippe Coutinho
46%
14Nico González
44%
33Ez Abde
41%
36Arnau Tenas
31%
LoanMiralem Pjanic
31%
LoanFrancisco Trincão
28%
LoanÁlex Collado
17%
LoanMoussa Wagué
13%

Distribution des résultats

Percentile par nombre de réponses

% des personnes avec chaque résultat

Votre développement - résultats

Vous n’avez pas pris ce quiz